00490nam a2200193 a 4500001001300000003000900013005001700022008004100039020000800080082001800088100002200106245002000128260004200148300001000190500003500200505001600235650002300251700002200274nice12345678IN_TiNIC20260116012952.0050524s1981 rama grp 000 0 urd  ac500a297.122bMOH1 aMohammad, Maulavi aAnwar-Ul-Qur`an aRampurbSharafat Printing Pressc1981 a176p. aincludes index and biblioraphy2 aManuscript. aQuran-Appreciation1 aMohammad, Maulavi